000 00983nam a2200277Ia 4500
003 OSt
005 20221005104538.0
006 a|||||r|||| 00| 0
007 ta
008 221004b |||||||| |||| 00| 0 hin d
020 _a9789386534378 (hbk)
_cINR 215.00
024 _a41545
037 _b282, 15/02/2019, Eastern Book Linkers
_cTextual
040 _aCRL
_cCRL
_bhin
041 _2hin
_ahin
082 _aO152,6N62x, Q8
100 _aवजाहत, असगर, ले.
245 0 _aअतीत का दरवाजा
246 _aAtīt kā daravājā
260 _aदिल्ली
_bराजपाल एण्ड सन्ज भारत
_c2018
300 _a95पृ0
_ccm.
650 _a हिन्दी साहित्य
650 _aहिन्दी निबंध
942 _hO152,6N62x, Q8
_cTEXL
_2cc
999 _c1013050
_d1013050